[Event "Match"]
[Site "www.echecsemail.com"]
[Date "2017.07.13"]
[Round "1"]
[White "Motorhead99"]
[Black "Iko"]
[WhiteElo "1870"]
[BlackElo "1620"]
[Result "0-1"]
[Round "1"]
1.d4 d5
2.e3 Nb8c6
3.f4 Bc8e6
4.Bf1d3 Qd8d6
5.c3 O-O-O
6.Ng1f3 Be6g4
7.O-O f5
8.Qd1e1 Bg4xf3
9.Rf1xf3 e6
10.b3 Ng8h6
11.Bc1a3 Qd6d7
12.Ba3xf8 Rh8xf8
13.a4 Nc6a5
14.Nb1d2 Rf8f6
15.b4 Na5c6
 { time }
0-1

[Event "Match"]
[Site "www.echecsemail.com"]
[Date "2017.07.13"]
[Round "1"]
[White "Iko"]
[Black "Carazo"]
[WhiteElo "1700"]
[BlackElo "1610"]
[Result "0-1"]
[Round "1"]
1.e4 e5
2.Ng1f3 Nb8c6
3.Bf1b5 Nc6d4
4.Bb5d3 Nd4xf3
5.Qd1xf3 Ng8f6
6.O-O Bf8c5
7.Qf3g3 O-O
8.Qg3xe5 Bc5d6
9.Qe5g5 Bd6e7
10.e5 Nf6d5
11.Qg5g3 d6
12.exd6 Be7xd6
13.Qg3f3 c6
14.Bd3f5 Rf8e8
15.Qf3h3 Bc8xf5
16.Qh3xf5 Re8e5
17.Qf5g4 Nd5f6
18.Qg4d4 Re5c5
19.Nb1a3 Rc5d5
20.Qd4c4 Qd8e7
21.d3 Qe7e5
22.Bc1f4 Qe5xf4
23.g3 Qf4f3
24.Ra1e1 Rd5c5
25.Qc4b3 b6
26.Re1e3 Qf3h5
27.f4 Nf6g4
28.Re3e2 Ng4f6
29.Rf1e1 Qh5g6
30.Na3c4 Bd6xf4
31.Kh1 h6
32.gxf4 Rc5b5
33.Qb3c3 Rb5c5
34.Re1g1 Qg6f5
35.Nc4d6 Qf5d5
36.Nd6e4 Rc5xc3
37.Rg1g2 Nf6h5
38.bxc3 Nh5xf4
39.Ne4f6 Kf8
40.Nf6xd5 cxd5
41.Re2e8 { time. }
0-1

[Event "Match"]
[Site "www.echecsemail.com"]
[Date "2017.07.13"]
[Round "1"]
[White "Matthias"]
[Black "Caspito"]
[WhiteElo "1499"]
[BlackElo "1960"]
[Result "0-1"]
[Round "1"]
1.e4 e5
2.d3 Qd8f6
3.Nb1c3 Bf8c5
4.Ng1f3 Ng8h6
5.Nc3d5 Bc5xf2
6.Kxf2 Nh6g4
 { time }
0-1

[Event "Match"]
[Site "www.echecsemail.com"]
[Date "2017.07.13"]
[Round "1"]
[White "Ericleo1980"]
[Black "Add"]
[WhiteElo "2230"]
[BlackElo "2240"]
[Result "0-1"]
[Round "1"]
1.e4 d6
2.d4 c6
3.c4 g6
4.f4 e6
5.Nb1c3 Bf8g7
6.Ng1f3 Nb8d7
7.Bc1e3 Nd7b6
8.e5 d5
9.c5 Nb6c4
10.Bf1xc4 dxc4
11.Nc3e4 Bg7f8
12.Qd1a4 f5
13.Ne4c3 b5
14.cxb6 Qd8xb6
15.Qa4xc4 Ng8e7
 { time }
0-1

[Event "Tourn. n9400"]
[Site "www.chess-mail.com"]
[Date "2017.07.14"]
[Round "1"]
[White "Ffdd65"]
[Black "Balbyns"]
[WhiteElo "2150"]
[BlackElo "2040"]
[Result "0-1"]
[Round "1"]
1.e4 e5
2.d4 exd4
3.Qd1xd4 Nb8c6
4.Qd4e3 Ng8f6
5.Bc1d2 d6
6.Nb1c3 Bc8e6
7.a3 Bf8e7
8.O-O-O a6
9.Ng1f3 O-O
10.Nf3g5 Nf6g4
11.Ng5xe6 fxe6
12.Qe3h3 Ng4f6
13.Qh3xe6 Kh8
14.f3 Nc6d4
15.Qe6c4 c5
16.Bd2e3 b5
17.Qc4d3 Nd4c6
18.Nc3d5 Nc6e5
19.Qd3d2 Nf6xd5
20.exd5 Be7f6
21.Bf1e2 Qd8d7
22.f4 Ne5g4
23.Be2xg4 Qd7xg4
24.h3 Qg4d7
25.g4 b4
26.Qd2d3 bxa3
27.Qd3xa3 Rf8b8
28.c3 c4
29.Qa3a2 Rb8b3
30.Be3d4 Bf6h4
31.Rd1d2 Qd7e8
32.Bd4f2 Bh4xf2
33.Rd2xf2 Qe8e3
34.Rf2d2 Ra8b8
35.Rh1h2 Rb3xb2
36.Rh2e2 Qe3g1
37.Rd2d1 Rb2b1
38.Kd2 Qg1xd1
39.Ke3 Rb8e8
40.Kf3 Qd1xe2
41.Qa2xe2 Re8xe2
42.Kxe2 a5
{ resign }
0-1

[Event "Tourn. n9375"]
[Site "www.chess-mail.com"]
[Date "2017.07.14"]
[Round "1"]
[White "Falcoale"]
[Black "Luban"]
[WhiteElo "1990"]
[BlackElo "2100"]
[Result "1-0"]
[Round "1"]
1.e4 c5
2.Ng1f3 d6
3.Bf1c4 e6
4.d4 cxd4
5.Nf3xd4 Ng8f6
6.Nb1c3 a6
7.O-O Bf8e7
8.f3 b5
9.Bc4d3 Bc8b7
10.Kh1 Nb8c6
11.Nd4xc6 Bb7xc6
12.Bc1e3 O-O
13.Nc3e2 Qd8d7
14.c3 Rf8e8
15.Qd1c2 Ra8c8
16.Ra1d1 b4
17.c4 h6
18.b3 a5
19.Ne2d4 Qd7b7
20.Nd4xc6 Qb7xc6
21.Rd1c1 Nf6d7
22.Be3f4 Nd7c5
23.Bd3e2 Be7f6
24.Rc1d1 Re8d8
25.Bf4e3 Bf6c3
26.Be3d2 Bc3f6
27.Bd2f4 d5
28.exd5 exd5
29.cxd5 Rd8xd5
30.Be2c4 Rd5xd1
31.Rf1xd1 Nc5b7
32.h3 Kf8
33.Qc2h7 Rc8e8
34.Qh7f5 Qc6c8
35.Qf5h7 Ke7
36.Rd1e1 Kd8
37.Re1d1 Ke7
38.Rd1e1 Kd8
39.Qh7d3 { resign }
1-0

[Event "Tourn. n9295"]
[Site "www.chess-mail.com"]
[Date "2017.07.14"]
[Round "1"]
[White "Sozaro"]
[Black "Paulsyd"]
[WhiteElo "2099"]
[BlackElo "2170"]
[Result "0-1"]
[Round "1"]
1.e4 d5
2.exd5 Ng8f6
3.d4 Bc8g4
4.Ng1f3 Qd8xd5
5.Bf1e2 Nb8c6
6.c4 Qd5f5
7.O-O O-O-O
8.Bc1e3 e5
9.d5 e4
10.Nf3d4 Nc6xd4
11.Be3xd4 Bf8d6
12.Rf1e1 Bg4xe2
13.Qd1xe2 Bd6e5
14.Bd4xe5 Qf5xe5
15.Nb1c3 Rh8e8
16.h3 Kb8
17.Qe2e3 Qe5d6
18.Ra1d1 Qd6b6
19.Qe3g3 g6
20.Qg3g5 h6
21.Qg5xh6 Qb6xb2
22.Qh6e3 Qb2a3
23.Qe3d4 Qa3e7
24.Nc3b5 c5
25.Qd4e3 b6
26.Rd1b1 Ka8
27.Re1d1 Qe7e5
28.Nb5xa7 Qe5c7
29.Na7b5 Qc7b8
30.d6 Kb7
31.a4 Qb8a8
32.a5 Nf6d7
33.Rb1a1 bxa5
34.Nb5c7 Qa8a7
35.Qe3d2 e3
36.fxe3 Re8e5
 { time }
0-1

[Event "Tourn. n9450"]
[Site "www.chess-mail.com"]
[Date "2017.07.14"]
[Round "1"]
[White "Panamski"]
[Black "Carebear"]
[WhiteElo "2220"]
[BlackElo "2289"]
[Result "0-1"]
[Round "1"]
1.e4 e5
2.Ng1f3 Nb8c6
3.Bf1b5 a6
4.Bb5xc6 dxc6
5.O-O Bc8g4
6.h3 h5
7.d3 Qd8f6
8.Nb1d2 Ng8e7
9.Qd1e1 Ne7g6
10.a3 Ng6f4
11.Qe1e3 Bg4xh3
12.gxh3 Qf6g6
{ resign }
0-1

[Event "Tourn. n9387"]
[Site "www.chess-mail.com"]
[Date "2017.07.14"]
[Round "1"]
[White "Falcoale"]
[Black "Bojan"]
[WhiteElo "2040"]
[BlackElo "2010"]
[Result "1-0"]
[Round "1"]
1.e4 e5
2.Ng1f3 d6
3.Bf1c4 h6
4.O-O Qd8f6
5.b3 Nb8c6
6.Bc1b2 Ng8e7
7.d4 exd4
8.Nf3xd4 Qf6g6
9.Rf1e1 Nc6e5
10.Nd4b5 Bc8h3
11.g3 Bh3g4
12.Qd1c1 Kd8
13.Bb2xe5 dxe5
14.Bc4d3 Ne7c6
15.Nb1c3 a6
16.Nb5a3 Nc6d4
17.Na3c4 f6
18.Kf1 Qg6h5
19.h4 Bg4h3
20.Kg1 Nd4f3
21.Kh1 Nf3xe1
22.Bd3e2 Qh5f7
23.Qc1xe1 Bf8c5
24.Ra1d1 Ke7
25.Nc4a5 Ra8b8
26.Nc3d5 Kf8
27.Na5c4 c6
28.Nd5e3 b5
29.Nc4d2 Bc5xe3
30.fxe3 c5
31.c4 Bh3d7
32.cxb5 axb5
33.Nd2f3 Bd7c6
34.Be2d3 g5
35.Qe1c3 Qf7e7
36.Rd1f1 Rh8g8
37.Nf3xe5 Bc6e8
38.Rf1xf6 Kg7
39.Ne5g4 Kh7
40.Rf6xh6 { resign }
1-0

[Event "Tourn. n9410"]
[Site "www.chess-mail.com"]
[Date "2017.07.14"]
[Round "1"]
[White "Falcoale"]
[Black "Cjood"]
[WhiteElo "2020"]
[BlackElo "1850"]
[Result "1-0"]
[Round "1"]
1.e4 c5
2.Ng1f3 e6
3.b3 Bf8e7
4.Bc1b2 f6
5.d4 Qd8c7
6.c3 Nb8c6
7.Bf1e2 d5
8.exd5 exd5
9.O-O Bc8e6
10.Rf1e1 O-O-O
11.Bb2a3 c4
12.bxc4 dxc4
13.Nf3d2 b5
14.Ba3xe7 Ng8xe7
15.Be2f3 Be6d5
16.Nd2e4 Bd5xe4
17.Bf3xe4 f5
18.Be4f3 Ne7d5
19.Bf3xd5 Rd8xd5
20.Qd1f3 Rh8d8
21.Nb1d2 g6
22.a4 Nc6xd4
23.cxd4 Kb8
24.axb5 Qc7b6
25.Nd2xc4 Qb6xd4
26.Nc4a5 Rd8c8
27.Na5c6 Rc8xc6
28.bxc6 Rd5c5
29.Ra1b1 Kc7
30.Re1d1 Qd4c4
31.Rb1b7 Kc8
32.Rb7xa7 Rc5xc6
33.Qf3e3 Kb8
34.Rd1b1 { resign }
1-0

[Event "Tourn. n9421"]
[Site "www.chess-mail.com"]
[Date "2017.07.14"]
[Round "1"]
[White "Bojan"]
[Black "Sorim"]
[WhiteElo "2020"]
[BlackElo "1850"]
[Result "0-1"]
[Round "1"]
1.e4 e5
2.Ng1f3 Ng8f6
3.Nf3xe5 d6
4.Ne5f3 Nf6xe4
5.d4 d5
6.h3 Nb8c6
7.Bf1b5 Bc8d7
8.Qd1e2 Bf8e7
9.Nb1d2 Ne4d6
10.Bb5a4 O-O
11.c3 Rf8e8
12.O-O Be7f6
13.Qe2d1 a6
14.Nf3h2 Re8e7
15.Nd2f3 Qd8f8
16.Ba4c2 Ra8e8
17.Bc1g5 Nd6e4
18.Bc2xe4 dxe4
19.Bg5xf6 gxf6
20.Nf3e1 f5
21.Ne1c2 f6
22.Qd1d2 Re7g7
23.Qd2f4 Bd7c8
24.Qf4xc7 Rg7xc7
25.Nc2e3 f4
26.Ne3d5 Rc7f7
27.Nd5xf4 f5
28.Ra1e1 Qf8h6
29.Nf4d5 Rf7g7
30.Kh1 Re8e6
31.Re1e3 Re6g6
32.Rf1g1 Bc8e6
33.Nd5b6 Be6xa2
34.Nb6a4 f4
35.Re3xe4 Qh6xh3
{ resign }
0-1

[Event "Tourn. n9440"]
[Site "www.chess-mail.com"]
[Date "2017.07.14"]
[Round "1"]
[White "Mitja"]
[Black "Pellix84"]
[WhiteElo "2000"]
[BlackElo "2110"]
[Result "0-1"]
[Round "1"]
1.d4 Ng8f6
2.c3 g6
3.e3 Bf8g7
4.Ng1f3 O-O
5.Nb1d2 d6
6.Nd2b3 Nb8d7
7.Bf1e2 Rf8e8
8.O-O e5
9.dxe5 dxe5
10.h3 e4
11.Nf3h2 b6
12.Nh2g4 Bc8b7
13.Ng4xf6 Bg7xf6
14.Qd1c2 Qd8e7
15.Rf1d1 Ra8d8
16.Nb3d2 Nd7c5
17.Nd2f1 Nc5d3
18.Be2xd3 exd3
19.Rd1xd3 Qe7e4
20.f3 Qe4xd3
21.Qc2xd3 Rd8xd3
{ resign }
0-1

[Event "Tourn. n9398"]
[Site "www.chess-mail.com"]
[Date "2017.07.14"]
[Round "1"]
[White "Pachi"]
[Black "Osopanda"]
[WhiteElo "1610"]
[BlackElo "1720"]
[Result "0-1"]
[Round "1"]
1.e4 d6
2.g3 Ng8f6
3.Nb1c3 Nb8d7
4.d3 e5
5.Bc1g5 Bf8e7
6.Bg5xf6 Nd7xf6
7.Bf1h3 Bc8xh3
8.Ng1xh3 O-O
9.f4 exf4
10.gxf4 Qd8d7
11.Nh3g5 h6
12.Ng5f3 Rf8e8
13.e5 dxe5
14.Nf3xe5 Qd7h3
15.Nc3b5 Nf6d5
16.c4 Nd5xf4
17.Nb5xc7 Ra8c8
18.Nc7xe8 Rc8xe8
19.Qd1a4 Be7h4
20.Kd2 Qh3g2
21.Kc3 Re8xe5
22.Rh1g1 Nf4e2
23.Kb3 Ne2d4
24.Ka3 Bh4e7
25.b4 Qg2d2
26.Qa4e8 Kh7
27.Qe8xf7 Qd2xb4
{ resign }
0-1

[Event "Match"]
[Site "www.echecsemail.com"]
[Date "2017.07.14"]
[Round "1"]
[White "Aliboron"]
[Black "Bjonil60"]
[WhiteElo "1479"]
[BlackElo "1470"]
[Result "1-0"]
[Round "1"]
1.e4 Nb8c6
2.d4 e6
3.Ng1f3 d6
4.c4 Ng8f6
5.Nb1c3 Qd8e7
6.Bf1e2 Bc8d7
7.O-O O-O-O
8.Bc1g5 e5
9.d5 Nc6b8
10.Ra1c1 h6
11.Bg5xf6 Qe7xf6
12.Rf1e1 Qf6e7
13.h3 g6
14.b4 b6
15.c5 bxc5
16.b5 a6
17.bxa6 c6
18.a7 Kb7
19.Rc1b1 Kxa7
20.Qd1a4 Nb8a6
21.Qa4xa6 
1-0

[Event "Match"]
[Site "www.echecsemail.com"]
[Date "2017.07.14"]
[Round "1"]
[White "Calponas"]
[Black "Juodivarnai"]
[WhiteElo "2040"]
[BlackElo "2070"]
[Result "1-0"]
[Round "1"]
1.e4 c5
2.Ng1f3 d6
3.d4 cxd4
4.Nf3xd4 Ng8f6
5.Nb1c3 a6
6.Bc1g5 Nb8d7
7.f4 b5
8.Bf1d3 Bc8b7
9.Qd1e2 g6
10.Nd4f3 Bf8g7
11.O-O O-O
12.Ra1e1 h6
13.Bg5h4 Qd8c7
14.Bh4g3 Rf8e8
15.e5 dxe5
16.fxe5 Nf6h5
17.e6 Nh5xg3
18.exf7 Kxf7
19.Qe2e6 Kf8
20.Nf3e5 Bg7f6
21.Qe6f7 { resign }
1-0

[Event "Match"]
[Site "www.echecsemail.com"]
[Date "2017.07.14"]
[Round "1"]
[White "Olivia"]
[Black "Fangshuo"]
[WhiteElo "999"]
[BlackElo "2120"]
[Result "0-1"]
[Round "1"]
1.e4 e6
2.d4 d5
3.Nb1c3 Bf8b4
4.Bc1d2 Bb4xc3
5.Bd2xc3 dxe4
6.Bf1b5 Bc8d7
7.Bb5xd7 Qd8xd7
8.Ng1e2 Ng8f6
9.O-O Nb8c6
10.Ne2f4 O-O-O
11.Nf4h5 Nf6xh5
12.Qd1xh5 Qd7e7
13.Ra1d1 g6
14.Qh5e2 Rd8d5
15.Qe2xe4 f5
16.Qe4f3 h5
17.Rf1e1 g5
18.Re1e3 g4
19.Qf3e2 Rh8e8
20.Rd1e1 Nc6xd4
21.Bc3xd4 Rd5xd4
 { time }
0-1

[Event "Match"]
[Site "www.echecsemail.com"]
[Date "2017.07.14"]
[Round "1"]
[White "Ranjachess"]
[Black "Rindrandria"]
[WhiteElo "1830"]
[BlackElo "1710"]
[Result "0-1"]
[Round "1"]
1.d4 e6
2.a3 c5
3.e4 Nb8c6
4.Ng1f3 cxd4
5.Nf3xd4 Qd8a5
6.Bc1d2 Qa5e5
7.Nd4xc6 Qe5xe4
8.Bf1e2 Qe4xc6
9.O-O b6
10.c4 Bc8b7
11.Nb1c3 Qc6xg2

0-1

[Event "Match"]
[Site "www.echecsemail.com"]
[Date "2017.07.14"]
[Round "1"]
[White "Coraza8091"]
[Black "Stevep84"]
[WhiteElo "1450"]
[BlackElo "2050"]
[Result "0-1"]
[Round "1"]
1.e4 e5
2.Ng1f3 Nb8c6
3.Bf1c4 Bf8c5
4.O-O d6
5.d3 Ng8f6
6.Bc4xf7 Kxf7
7.Nf3g5 Ke7
8.Bc1e3 Rh8e8
9.Be3xc5 dxc5
10.Qd1f3 Nc6d4
11.Qf3d1 Kf8
12.c3 Nd4e6
13.Ng5h3 Ne6f4
14.Nh3xf4 exf4
15.f3 Bc8e6
16.c4 Qd8d4
17.Rf1f2 Be6xc4
18.Nb1c3 Qd4xd3
19.Rf2d2 Qd3e3
20.Kh1 Bc4a6
21.Nc3a4 b5
22.Rd2e2 Qe3d4
23.Re2d2 Qd4xa4
24.b3 Qa4a5
25.Rd2c2 Ra8d8
26.Qd1g1 Qa5b6
27.a4 bxa4
28.bxa4 c4
29.Qg1c1 Nf6h5
30.a5 Qb6g6
31.Qc1a3 Kg8
32.Qa3c5 Nh5g3
33.hxg3 Qg6h6
34.Kg1 fxg3
35.Kf1 Qh6h1
36.Ke2 Qh1xg2
37.Ke3 Qg2xc2
38.Kf4 Qc2h2
39.Ra1g1 g2
40.Kg4 Ba6c8
41.Kg5 h6
42.Kg6 Re8e6
43.Kf5 Re6f6
{ resign }
0-1

[Event "Match"]
[Site "www.echecsemail.com"]
[Date "2017.07.14"]
[Round "1"]
[White "Ketchuplover"]
[Black "Gilliere"]
[WhiteElo "1780"]
[BlackElo "2150"]
[Result "1/2-1/2"]
[Round "1"]
1.Ng1f3 Ng8f6
2.b3 Nb8c6
3.Bc1b2 e6
4.e3 d5
5.Bf1e2 Bf8e7
6.O-O O-O
7.d3 b6
8.Nb1d2 Bc8b7
9.a3 h6
10.c4 dxc4
11.Nd2xc4 b5
12.Nc4e5 Nc6xe5
13.Nf3xe5 a6
14.Be2f3 Bb7xf3
15.Ne5xf3 Nf6h7
16.Qd1c2 Be7f6
17.d4 Nh7g5
18.Nf3xg5 Bf6xg5
19.f4 Bg5f6
20.Ra1d1 Qd8c8
21.e4 Qc8b7
22.e5 Bf6e7
23.Rf1f3 Qb7b6
24.Rf3c3 Ra8c8
25.Rc3c6 Qb6a7
26.Kf1 Rf8e8
27.Ke2 b4
28.axb4 Be7xb4
29.h4 a5
30.Bb2c3 Bb4xc3
31.Qc2xc3 Re8e7
32.Rd1a1 Re7d7
33.Ra1xa5 Qa7xd4
34.Qc3xd4 Rd7xd4
35.Ke3 Rd4b4
36.Rc6c3 Rb4b6
37.g4 c6
38.Ra5c5 Kf8
39.g5 hxg5
40.hxg5 g6
41.b4 Rb6xb4
42.Rc3c4 { draw }
1/2-1/2

[Event "Match"]
[Site "www.echecsemail.com"]
[Date "2017.07.14"]
[Round "1"]
[White "Azocarfreund"]
[Black "Luke1302"]
[WhiteElo "1399"]
[BlackElo "1440"]
[Result "1-0"]
[Round "1"]
1.e4 e5
2.Ng1f3 Qd8e7
3.Nb1c3 d6
4.Nc3d5 Qe7d7
5.d4 b6
6.Bf1c4 Bc8b7
7.Nf3g5 Ng8h6
8.Ng5h3 c6
9.Nd5e3 g6
10.Nh3g5 d5
11.exd5 Bf8b4
12.Bc1d2 Bb4a5
13.O-O b5
14.Bc4d3 Ba5b6
15.c3  { time }
1-0

[Event "Match"]
[Site "www.echecsemail.com"]
[Date "2017.07.14"]
[Round "1"]
[White "Cjood"]
[Black "Gambitmiau"]
[WhiteElo "1950"]
[BlackElo "1960"]
[Result "0-1"]
[Round "1"]
1.c4 e6
2.d4 Bf8e7
3.Nb1c3 Ng8f6
4.f3 c5
5.dxc5 Be7xc5
6.e3 d5
7.cxd5 exd5
8.Bf1b5 Bc8d7
9.Bb5xd7 Nb8xd7
10.Nc3xd5 O-O
11.Nd5xf6 Nd7xf6
12.Qd1xd8 Rf8xd8
13.Ng1h3 Rd8d3
14.e4 Ra8d8
15.Bc1f4 Nf6h5
16.Bf4c7 Rd8d7
17.Bc7g3 Bc5b4
18.Kf1 Nh5xg3
19.hxg3 Rd3d2
20.Kg1 Rd2xb2
21.Nh3f4 Rd7d2
22.Rh1h2 Bb4c5
23.Kh1 Rb2xa2
24.Ra1xa2 Rd2d1
{ resign }
0-1

[Event "Match"]
[Site "www.echecsemail.com"]
[Date "2017.07.14"]
[Round "1"]
[White "Pinehill"]
[Black "Darknight"]
[WhiteElo "2050"]
[BlackElo "1860"]
[Result "1-0"]
[Round "1"]
1.e4 e5
2.d4 exd4
3.Bf1c4 Qd8e7
4.Qd1xd4 h6
5.Nb1c3 c6
6.Ng1f3 d6
7.O-O Bc8e6
8.Bc4xe6 fxe6
9.e5 d5
10.Qd4h4 Qe7d7
11.Rf1e1 Nb8a6
12.a3 Ng8e7
13.b4 O-O-O
14.Nf3d4 Ne7g6
15.Qh4g3 Qd7e8
16.Nc3e2 Qe8f7
17.f4 Na6c7
18.Re1f1 Bf8e7
19.f5 Rd8f8
20.Qg3xg6 a6
21.Ne2f4 Be7g5
22.Qg6xf7 Rf8xf7
23.Nf4xe6 Nc7xe6
24.Nd4xe6 Rf7e7
25.Ne6xg5 hxg5
26.Bc1b2 Rh8f8
27.f6 gxf6
28.exf6 Re7f7
29.Rf1f5 g4
30.Ra1e1 Kb8
31.Rf5g5 Kc7
32.Rg5g7 Kb6
33.Rg7xf7 Rf8xf7
34.Re1e7 Rf7xe7
35.fxe7 Kb5
36.e8Q a5
37.Qe8e2 Kb6
38.Bb2d4 Kc7
39.Bd4c5 Kd7
40.Qe2xg4 Kc7
41.Qg4g7 Kc8
42.Bc5d6 Kd8
43.Qg7e7 { resign }
1-0

[Event "Tourn. n9405"]
[Site "www.chess-mail.com"]
[Date "2017.07.15"]
[Round "1"]
[White "Coolant"]
[Black "Astroboy"]
[WhiteElo "2280"]
[BlackElo "1959"]
[Result "0-1"]
[Round "1"]
1.Nb1c3 d5
2.d4 Ng8f6
3.Bc1g5 Bc8f5
4.f3 Nb8c6
5.Bg5xf6 exf6
6.e4 dxe4
7.fxe4 Bf5g6
8.Ng1f3 Bf8b4
9.Bf1d3 O-O
10.d5 Nc6e5
11.O-O Rf8e8
12.Nf3xe5 fxe5
13.Qd1f3 c6
14.dxc6 bxc6
15.Nc3e2 Re8e6
16.Ne2g3 Qd8d4
17.Kh1 Qd4xb2
18.Ra1b1 Qb2d4
19.h4 Re6f6
20.Qf3g4 Rf6xf1
21.Rb1xf1 h6
22.h5 Bg6h7
23.Rf1f6 Ra8f8
24.Rf6xc6 f5
25.Qg4e2 Bb4c5
26.Qe2e1 fxe4
27.Bd3xe4 Bh7xe4
28.Ng3xe4 Rf8f4
29.Rc6xc5 Rf4xe4
30.Rc5c8 Kh7
{ resign }
0-1

[Event "Tourn. n9414"]
[Site "www.chess-mail.com"]
[Date "2017.07.15"]
[Round "1"]
[White "Maj16"]
[Black "Julian"]
[WhiteElo "1779"]
[BlackElo "1660"]
[Result "0-1"]
[Round "1"]
1.c4 d6
2.Nb1c3 e5
3.g3 Nb8c6
4.Bf1g2 Ng8f6
5.d3 Bc8e6
6.e4 Bf8e7
7.Ng1e2 O-O
8.O-O a6
9.a3 Nc6d4
 { time }
0-1

[Event "Tourn. n9400"]
[Site "www.chess-mail.com"]
[Date "2017.07.15"]
[Round "1"]
[White "Astroboy"]
[Black "Ffdd65"]
[WhiteElo "2079"]
[BlackElo "2150"]
[Result "1-0"]
[Round "1"]
1.d4 d5
2.Ng1f3 e6
3.c4 c6
4.Nb1c3 Ng8f6
5.Bc1g5 Bf8e7
6.e3 h6
7.Bg5h4 g5
8.Bh4g3 Nf6h5
9.Bg3e5 f6
10.Be5xb8 Ra8xb8
11.Bf1d3 f5
12.Nf3e5 Nh5g7
13.g4 Be7d6
14.h4 Bd6xe5
15.dxe5 gxh4
16.gxf5 exf5
17.cxd5 cxd5
18.Rh1g1 O-O
19.Qd1h5 Rf8f7
20.Nc3b5 Kf8
21.Qh5xh6 a6
22.Nb5d6 Bc8e6
23.Nd6xf7 Be6xf7
24.Qh6xg7 { resign }
1-0

[Event "Tourn. n9444"]
[Site "www.chess-mail.com"]
[Date "2017.07.15"]
[Round "1"]
[White "Cjood"]
[Black "Bigrezi"]
[WhiteElo "2040"]
[BlackElo "2020"]
[Result "0-1"]
[Round "1"]
1.Ng1f3 d5
2.g3 Nb8c6
3.Bf1g2 e5
4.d4 e4
5.Nf3d2 Nc6xd4
6.c3 Nd4f5
7.Nd2xe4 dxe4
8.Qd1xd8 Kxd8
9.Bg2xe4 Bf8c5
10.b4 Bc5xb4
11.cxb4 Nf5d6
12.Be4d5 f6
13.Bc1f4 Nd6b5
14.e3 c6
15.Bd5f7 a5
16.bxa5 g5
17.O-O gxf4
18.exf4 Ng8h6
19.Rf1d1 Kc7
20.Bf7h5 Ra8xa5
21.a4 Nb5d6
22.Kg2 Ra5xh5
{ resign }
0-1

[Event "Tourn. n9451"]
[Site "www.chess-mail.com"]
[Date "2017.07.15"]
[Round "1"]
[White "Fantomas"]
[Black "Picifarkinca"]
[WhiteElo "1820"]
[BlackElo "1940"]
[Result "1-0"]
[Round "1"]
1.e4 c5
2.Ng1f3 d6
3.Bf1e2 Nb8c6
4.O-O Ng8f6
5.Nb1c3 g6
6.d3 Bf8g7
7.Bc1d2 O-O
8.Qd1c1 a6
9.Nc3d5 b5
10.Bd2h6 e6
11.Nd5xf6 Qd8xf6
12.c3 Bc8b7
13.Bh6g5 { resign }
1-0

[Event "Tourn. n9391"]
[Site "www.chess-mail.com"]
[Date "2017.07.15"]
[Round "1"]
[White "Cjood"]
[Black "Hundegana"]
[WhiteElo "2000"]
[BlackElo "2000"]
[Result "1/2-1/2"]
[Round "1"]
1.e4 c5
2.Bf1c4 Nb8c6
3.Ng1f3 g6
4.O-O Bf8g7
5.c3 a6
6.d4 cxd4
7.cxd4 e6
8.Bc1f4 Ng8e7
9.Nb1c3 O-O
10.a3 d5
11.exd5 exd5
12.Bc4a2 Kh8
13.Rf1e1 Bc8e6
14.Bf4g5 f6
15.Re1xe6 fxg5
16.Nf3xg5 h6
17.Ng5h3 Qd8d7
18.Nh3f4 Rf8xf4
19.Qd1d2 Rf4xd4
20.Qd2e3 Ne7f5
21.Qe3e2 Nc6e5
22.Re6xe5 Bg7xe5
23.Qe2xe5 Kh7
24.Nc3xd5 Rd4xd5
25.Qe5xd5 Qd7xd5
26.Ba2xd5 Ra8b8
27.Ra1c1 b5
28.Bd5e6 Nf5d4
29.Rc1c7 Kh8
30.Be6f7 g5
31.Bf7g6 Rb8b6
32.Bg6h5 Rb6d6
33.g3 Nd4e6
34.Rc7f7 Ne6c5
35.Rf7c7 Nc5d3
36.Rc7c2 Rd6f6
37.Rc2d2 Nd3c5
38.b4 Nc5e4
39.Rd2c2 Kg7
40.Rc2c7 Kg8
41.Rc7c2 Kf8
42.f3 Ne4d6
43.Rc2c6 Ke7
44.Rc6xa6 Rf6f5
45.Bh5g4 Rf5d5
46.a4 bxa4
47.Ra6xa4 Rd5d2
48.Ra4a7 Kf6
49.Ra7d7 Ke5
50.Rd7h7 Rd2b2
51.Rh7xh6 Rb2xb4
52.Kg2 Nd6c4
53.Kh3 Nc4d2
54.Rh6h8 Kf6
55.Rh8d8 Nd2b3
56.Rd8d1 Nb3c5
57.Bg4c8 Rb4b8
58.Bc8g4 Rb8b2
59.Bg4c8 Rb2f2
60.Bc8g4 Nc5b3
61.Rd1d3 { draw }
1/2-1/2

[Event "Match"]
[Site "www.echecsemail.com"]
[Date "2017.07.15"]
[Round "1"]
[White "Estonia"]
[Black "Cjood"]
[WhiteElo "2050"]
[BlackElo "2040"]
[Result "1/2-1/2"]
[Round "1"]
1.c4 g6
2.d4 Bf8g7
3.Nb1c3 c5
4.e3 cxd4
5.exd4 Qd8b6
6.Ng1f3 Nb8c6
7.c5 Qb6b4
8.a3 Qb4a5
9.Bc1d2 Qa5d8
10.Bd2e3 Ng8f6
11.Bf1c4 O-O
12.O-O a6
13.Nc3d5 Nf6xd5
14.Bc4xd5 e6
15.Bd5xc6 dxc6
16.Qd1c2 Bc8d7
17.Ra1d1 Rf8e8
18.Qc2c1 Qd8c8
19.Be3h6 Qc8c7
20.Bh6xg7 Kxg7
21.Nf3e5 f6
{ draw }
1/2-1/2

[Event "Match"]
[Site "www.echecsemail.com"]
[Date "2017.07.15"]
[Round "1"]
[White "Llord"]
[Black "Olivia"]
[WhiteElo "1930"]
[BlackElo "999"]
[Result "1-0"]
[Round "1"]
1.e4 c6
2.d4 d5
3.e5 Bc8f5
4.Bf1d3 e6
5.Bd3xf5 exf5
6.Ng1f3 Bf8b4
7.c3 Bb4a5
8.O-O f6
9.Rf1e1 fxe5
10.Nf3xe5 Ng8e7
11.Bc1g5 O-O
12.Ne5f3 Qd8d6
13.Bg5xe7 Qd6f4
14.Be7xf8 Kxf8
15.Qd1e2 Nb8a6
16.Qe2e7 Kg8
17.Qe7e6 Kf8
18.Nb1d2 Na6c7
19.Qe6e7 Kg8
20.g3  { time }
1-0

[Event "Match"]
[Site "www.echecsemail.com"]
[Date "2017.07.15"]
[Round "1"]
[White "Bjonil60"]
[Black "Pforjan"]
[WhiteElo "1530"]
[BlackElo "1499"]
[Result "0-1"]
[Round "1"]
1.d4 b6
2.Nb1c3 e6
3.Ng1f3 Bc8b7
4.e3 Bf8b4
5.a3 Bb4xc3
6.bxc3 f5
7.h3 Ng8f6
8.g3 O-O
9.Nf3h2 Bb7xh1
10.g4 fxg4
11.hxg4 Bh1b7
12.c4 Nf6e4
13.f3 Qd8h4
14.Ke2 Qh4xh2
15.Kd3 Ne4f2
16.Ke2 Nf2xd1
17.Kxd1 Bb7xf3
18.Bf1e2 Qh2xe2

0-1

[Event "Match"]
[Site "www.echecsemail.com"]
[Date "2017.07.15"]
[Round "1"]
[White "Dussek"]
[Black "Mrmoto"]
[WhiteElo "1499"]
[BlackElo "1650"]
[Result "1-0"]
[Round "1"]
1.d4 d5
2.Ng1f3 e6
3.Bc1g5 f6
4.Bg5h4 Nb8c6
5.e3 a6
6.c3 g5
7.Bh4g3 h5
8.h3 Bf8d6
9.Bg3xd6 Qd8xd6
10.Nb1d2 e5
11.Bf1e2 e4
12.Nf3h2 f5
13.Be2xh5 Ke7
14.Nd2b3 Ng8f6
15.Bh5e2 Bc8d7
16.O-O f4
17.exf4 Qd6xf4
18.Nb3c5 Ra8b8
19.Nc5xd7 Kxd7
20.Nh2g4 Rh8xh3
21.gxh3 Rb8h8
22.Ng4xf6 Qf4xf6
23.Be2g4 Ke7
24.Qd1b3 b5
25.Qb3xd5 Rh8d8
26.Qd5xe4 Kf8
27.f4 Rd8e8
28.Qe4d3 Kg7
29.fxg5 Qf6xg5
30.Rf1f5 Qg5g6
31.Ra1f1 { resign }
1-0

[Event "Match"]
[Site "www.echecsemail.com"]
[Date "2017.07.15"]
[Round "1"]
[White "86eamon"]
[Black "52maurice"]
[WhiteElo "1660"]
[BlackElo "1469"]
[Result "0-1"]
[Round "1"]
1.b3 b6
2.Bc1b2 d6
3.Bb2c3 f6
4.g3 Ng8h6
5.Bf1g2 c6
6.Bg2e4 Bc8d7
7.d4 g6
8.e3 Nb8a6
9.Ng1f3 d5
10.Be4d3 b5
11.Rh1g1 Bd7h3
12.Bd3f1 Qd8d7
13.Nf3d2 Nh6f7
14.g4 Bh3xf1
15.Nd2xf1 Nf7g5
16.f4 Ng5e4
17.f5 g5
18.a4 bxa4
19.bxa4 Qd7b7
20.Nf1d2 Ne4xc3
21.Nb1xc3 h5
22.Qd1b1 Qb7c7
23.h3 hxg4
24.hxg4 e5
25.Nc3b5 Qc7e7
26.Nb5c3 exd4
27.Nc3xd5 Qe7d6
28.e4 Ra8b8
29.Nd2b3 cxd5
30.Qb1a2 dxe4
31.a5 d3
32.Ra1d1 Na6b4
33.Qa2a4 Kf7
34.cxd3 Nb4xd3
35.Kd2 Nd3b2
36.Kc2 Nb2d3
37.Qa4xe4 Nd3b4
38.Qe4xb4 Qd6xb4
39.Rd1d7 Ke8
40.Rd7d4 Rb8c8
41.Kb2 Rh8h2
42.Kb1 Qb4xb3
43.Ka1 Rc8b8
44.Rg1e1 Bf8e7
45.Re1d1 Qb3b2

0-1

[Event "Match"]
[Site "www.echecsemail.com"]
[Date "2017.07.15"]
[Round "1"]
[White "Caspito"]
[Black "Azocarfreund"]
[WhiteElo "1920"]
[BlackElo "1399"]
[Result "1-0"]
[Round "1"]
1.e4 e5
2.Ng1f3 Nb8c6
3.Bf1c4 h6
4.c3 Ng8f6
5.O-O Nf6xe4
6.d3 Ne4f6
7.b4 d5
8.Bc4b3 Bf8e7
9.Nb1a3 a6
10.Na3c2 Bc8g4
11.Nc2e1 Qd8d7
12.Qd1c2 a5
13.b5 Nc6d8
14.a4 Bg4xf3
15.Ne1xf3 Be7d6
16.Nf3h4 g5
17.Nh4f3 O-O
18.Qc2d2 Rf8e8
19.Nf3xg5 Qd7f5
20.Ng5f3 e4
21.Nf3d4 Qf5g6
22.g3 Re8e5
23.Bb3c2 Bd6c5
24.dxe4 dxe4
25.Qd2xh6 Re5h5
26.Qh6f4 Bc5xd4
27.cxd4 Nd8e6
28.Bc2xe4 Qg6g7
29.Qf4f3 Rh5h4
30.Be4xb7 Ne6xd4
31.Qf3d1 Ra8d8
32.Qd1d3 Qg7g4
33.Qd3e3 Nd4e2
34.Kh1 Rd8e8
35.Qe3g5 Qg4xg5
36.Bc1xg5 Rh4xh2
37.Kxh2 Nf6g4
38.Kh3 f5
39.Bb7f3 Ne2d4
40.Bf3xg4 fxg4
41.Kxg4 Kh7
42.f4 Nd4b3
43.Ra1e1 Re8g8
44.Re1e7 Rg8g7
45.Re7xg7 Kxg7
46.Bg5d8 Nb3d2
47.Rf1d1 Nd2e4
48.Rd1d7 Kg8
49.Kf5 Ne4c5
50.Rd7xc7 Nc5xa4
51.Bd8g5 Na4b6
52.Kg6 a4
53.Rc7b7 { resign }
1-0

[Event "Match"]
[Site "www.echecsemail.com"]
[Date "2017.07.15"]
[Round "1"]
[White "Stevep84"]
[Black "Winston"]
[WhiteElo "2050"]
[BlackElo "1910"]
[Result "1-0"]
[Round "1"]
1.e4 e6
2.d4 d5
3.Nb1c3 c5
4.exd5 exd5
5.Ng1f3 Nb8c6
6.Bf1b5 Bc8d7
7.Bb5xc6 Bd7xc6
8.O-O Ng8f6
9.Bc1g5 Bf8e7
10.Nf3e5 Qd8d6
11.Ne5xc6 Qd6xc6
12.Rf1e1 Qc6d6
13.Bg5xf6 Qd6xf6
14.Nc3xd5 Qf6xd4
15.Qd1xd4 cxd4
16.Nd5xe7 Ra8d8
17.Ne7c6 { resign }
1-0